[Event "?"]
[Site "ICS rated blitz match, 164.58"]
[Date "1997.??.??"]
[Round "?"]
[White "Brause"]
[Black "noro"]
[Result "1-0"]
[WhiteElo "2275"]
[BlackElo "1895"]
[PlyCount "55"]

1. e4 e5 2. Nf3 Nc6 3. Nc3 Nf6 4. Nxe5 Nxe5 5. d4 Ng6 6. e5 Ng8 7. Bc4 c6 8.
Qe2 Nh6 9. Bxh6 gxh6 10. Ne4 Be7 11. O-O-O O-O 12. Qh5 Bg5+ 13. Kb1 Nf4 14. Qf3
Nd5 15. Bxd5 cxd5 16. Nc3 d6 17. Nxd5 Be6 18. Nf6+ Bxf6 19. exf6 Kh8 20. h3 Rc8
21. Rhe1 Qa5 22. d5 Bd7 23. Re7 Ba4 24. b3 Rc3 25. Qf4 Bxb3 26. axb3 Qb5 27.
Qd2 Rcc8 28. Qxh6 1-0

[Event "?"]
[Site "ICS rated blitz match, 164.58"]
[Date "1997.??.??"]
[Round "?"]
[White "Brause"]
[Black "oldtimer"]
[Result "0-1"]
[WhiteElo "2280"]
[BlackElo "2150"]
[PlyCount "186"]

1. e4 e5 2. Nf3 Nc6 3. Nc3 Nf6 4. Nxe5 Nxe5 5. d4 Ng6 6. e5 Ng8 7. Bc4 d5 8.
Bxd5 c6 9. Be4 f5 10. Bf3 Bb4 11. O-O N8e7 12. Na4 O-O 13. c3 Ba5 14. b4 Bb6
15. Qb3+ Kh8 16. Nxb6 axb6 17. Re1 b5 18. Bg5 h6 19. Bd2 Nd5 20. Qc2 Be6 21. g3
Nb6 22. Bh5 Ne7 23. Bf3 Qe8 24. Bg2 Qf7 25. a3 Nc4 26. Bc1 Ra4 27. Bf1 Rfa8 28.
Bxc4 bxc4 29. Qe2 b5 30. Qf1 Nd5 31. Qg2 R4a6 32. Qf3 Nc7 33. Qg2 Qh5 34. f3
Bd5 35. Rf1 Ne6 36. Qe2 Ng5 37. Bxg5 Qxg5 38. f4 Qg6 39. Qb2 Qg4 40. Rf2 h5 41.
Qe2 Rxa3 42. Rxa3 Rxa3 43. Qb2 Ra7 44. Rf1 h4 45. Qf2 hxg3 46. Qxg3 Qxg3+ 47.
hxg3 Ra2 48. Rf2 Ra3 49. Rc2 Be4 50. Rc1 Ra2 51. Kf1 Kg8 52. Ke1 Kf7 53. Kd1
Ke6 54. Ke1 Kd5 55. Kf1 Ke6 56. Ke1 Kf7 57. Kd1 Bd5 58. Rc2 Rxc2 59. Kxc2 Kg6
60. Kd2 Kh5 61. Ke3 Kg4 62. Kf2 Kh3 63. e6 Bxe6 64. Kf3 Bd5+ 65. Kf2 g6 66. Ke2
Kxg3 67. Kd2 Kxf4 68. Ke2 Kg3 69. Kf1 Kh2 70. Ke2 Kg2 71. Ke3 g5 72. Ke2 f4 73.
Ke1 Bf3 74. Kd2 Kf2 75. Kc1 Ke1 76. Kb2 Kd2 77. Ka1 Be4 78. Kb2 Bc2 79. Ka3
Kxc3 80. d5 cxd5 81. Ka2 Ba4 82. Ka3 d4 83. Ka2 d3 84. Ka1 Bb3 85. Kb1 d2 86.
Ka1 Kxb4 87. Kb2 c3+ 88. Kb1 Ka3 89. Ka1 Bd1 90. Kb1 b4 91. Ka1 b3 92. Kb1 c2+
93. Ka1 b2# 0-1

[Event "?"]
[Site "ICS rated blitz match, 164.58"]
[Date "1997.??.??"]
[Round "?"]
[White "Brause"]
[Black "oldtimer"]
[Result "0-1"]
[WhiteElo "2275"]
[BlackElo "2160"]
[PlyCount "180"]

1. e4 e5 2. Nf3 Nc6 3. Nc3 Nf6 4. Nxe5 Nxe5 5. d4 Ng6 6. e5 Ng8 7. Bc4 d5 8.
Bxd5 c6 9. Be4 f5 10. Bf3 Bb4 11. O-O N8e7 12. Na4 O-O 13. c3 Ba5 14. b4 Bb6
15. Qb3+ Kh8 16. Nxb6 axb6 17. Re1 b5 18. Bg5 h6 19. Bd2 Nd5 20. Qc2 Be6 21. g3
Nb6 22. Bh5 Ne7 23. Bf3 Qe8 24. Be2 Qf7 25. Bf1 Ned5 26. Bd3 Nc7 27. a3 Bc4 28.
Re3 Bxd3 29. Rxd3 Qd5 30. Bf4 Ne6 31. Bc1 Ra6 32. Qe2 Qc4 33. Bd2 Nd5 34. Qf1
f4 35. gxf4 Ndxf4 36. Bxf4 Nxf4 37. Re3 Qxf1+ 38. Kxf1 Nd5 39. Rh3 Rfa8 40. Rf3
Kg8 41. e6 Rf8 42. Rg3 Re8 43. Re1 Rxa3 44. Rc1 Rxe6 45. c4 Rxg3 46. cxd5 Rg4
47. dxe6 Rxd4 48. Ra1 Kf8 49. Ra7 Ke7 50. Rxb7+ Kxe6 51. Rxg7 h5 52. Rg6+ Kd7
53. Rg7+ Kd6 54. Rg6+ Kc7 55. Rg7+ Kb6 56. Rh7 h4 57. f3 Rxb4 58. Kf2 Rb2+ 59.
Kg1 Rb4 60. Kf2 Rb2+ 61. Kg1 b4 62. Rxh4 Kb5 63. Re4 Rd2 64. Re3 Kc4 65. Re4+
Rd4 66. Re6 c5 67. Re1 b3 68. Kf2 b2 69. h4 Rxh4 70. Rd1 Kc3 71. Re1 Rd4 72.
Ke3 Kc2 73. Re2+ Kc1 74. Rxb2 Kxb2 75. Kf2 Kc2 76. Ke3 Kd1 77. f4 Ke1 78. f5
Kf1 79. f6 Rd7 80. Kf3 c4 81. Ke3 Kg2 82. f7 Rxf7 83. Kd4 Rc7 84. Kc3 Kf3 85.
Kd4 c3 86. Ke5 c2 87. Kf6 c1=Q 88. Kg6 Qf4 89. Kh5 Qf5+ 90. Kh4 Rh7# 0-1

[Event "?"]
[Site "ICS rated blitz match, 164.58"]
[Date "1997.??.??"]
[Round "?"]
[White "Brause"]
[Black "oldtimer"]
[Result "0-1"]
[WhiteElo "2270"]
[BlackElo "2170"]
[PlyCount "180"]

1. e4 e5 2. Nf3 Nc6 3. Nc3 Nf6 4. Nxe5 Nxe5 5. d4 Ng6 6. e5 Ng8 7. Bc4 d5 8.
Bxd5 c6 9. Be4 f5 10. Bf3 Bb4 11. O-O N8e7 12. Ne2 Be6 13. c3 Ba5 14. Bg5 O-O
15. g3 Qd7 16. Qa4 Bb6 17. Bg2 h6 18. Bc1 Rfd8 19. Qc2 Bd5 20. Bxd5+ cxd5 21.
Be3 Rf8 22. c4 dxc4 23. Qxc4+ Qd5 24. Qc3 Rac8 25. Qd2 Qf3 26. a4 Nd5 27. a5
Bd8 28. a6 b6 29. Qd3 Bg5 30. Ra3 f4 31. Bc1 Qxd3 32. Rxd3 f3 33. Nc3 Bxc1 34.
Rxc1 Nge7 35. Kf1 Rc4 36. Ke1 Nb4 37. Rdd1 Rfc8 38. Kf1 Ned5 39. Ra1 Nxc3 40.
bxc3 Nd5 41. Re1 Kf7 42. e6+ Ke7 43. Re5 Rd8 44. Rf5 Nf6 45. Rxf3 Kxe6 46. Re1+
Kd7 47. Rfe3 Re8 48. Rxe8 Nxe8 49. Re3 Ra4 50. Re2 Ra1+ 51. Kg2 Rxa6 52. c4 Ra4
53. Rc2 Nd6 54. c5 Nf5 55. cxb6 axb6 56. Rb2 Kc7 57. Rc2+ Kb7 58. d5 Rd4 59.
Kf3 Nd6 60. Re2 Rxd5 61. Re7+ Kc6 62. Rxg7 b5 63. Rh7 b4 64. Rxh6 b3 65. Re6 b2
66. Re1 Nc4 67. Kf4 Nd2 68. g4 b1=Q 69. Rxb1 Nxb1 70. h4 Kd6 71. h5 Ke6 72. h6
Kf6 73. Ke3 Kg6 74. h7 Kxh7 75. f4 Kg6 76. Kf3 Nc3 77. Ke3 Kf6 78. Kf2 Rd3 79.
Kg2 Ke6 80. Kf2 Kd5 81. Kg2 Ke4 82. f5 Kf4 83. Kf2 Rd2+ 84. Ke1 Re2+ 85. Kf1
Kf3 86. Kg1 Ne4 87. g5 Ng3 88. g6 Rd2 89. f6 Rc2 90. g7 Rg2# 0-1

[Event "?"]
[Site "ICS rated blitz match, 164.58"]
[Date "1997.??.??"]
[Round "?"]
[White "Brause"]
[Black "oldtimer"]
[Result "1-0"]
[WhiteElo "2260"]
[BlackElo "2180"]
[PlyCount "93"]

1. e4 e5 2. Nf3 Nc6 3. Nc3 Nf6 4. Nxe5 Nxe5 5. d4 Ng6 6. e5 Ng8 7. Bc4 d5 8.
Bxd5 c6 9. Be4 f5 10. exf6 Nxf6 11. Bg5 Bb4 12. Qd3 Bxc3+ 13. bxc3 Kf7 14. O-O
Qd6 15. Bxf6 gxf6 16. Rfe1 Kg7 17. Rab1 Rf8 18. c4 f5 19. Bf3 Rb8 20. d5 c5 21.
Qa3 a6 22. Qe3 Bd7 23. Qc3+ Kg8 24. Bh5 b5 25. Qd3 b4 26. a3 a5 27. axb4 axb4
28. Re2 Rfe8 29. Rxe8+ Rxe8 30. Ra1 Qe5 31. Ra7 Qe1+ 32. Qf1 Qd2 33. Ra1 Qxc2
34. Ra7 Qd2 35. Ra1 b3 36. Rd1 Qc3 37. Rc1 Qb4 38. Rb1 b2 39. Kh1 Qd2 40. Kg1
Ra8 41. h3 Qd4 42. Bd1 Qc3 43. Qe2 Ra1 44. Rxb2 Ba4 45. Rb8+ Kg7 46. Rb7+ Kh6
47. Qh5# 1-0

[Event "?"]
[Site "ICS rated blitz match, 164.58"]
[Date "1997.??.??"]
[Round "?"]
[White "Brause"]
[Black "oldtimer"]
[Result "0-1"]
[WhiteElo "2255"]
[BlackElo "2175"]
[PlyCount "104"]

1. e4 e5 2. Nf3 Nc6 3. Nc3 Nf6 4. Nxe5 Nxe5 5. d4 Ng6 6. e5 Ng8 7. Bc4 d5 8.
Bxd5 c6 9. Be4 f5 10. Bf3 Bb4 11. O-O N8e7 12. Na4 O-O 13. c3 Ba5 14. b4 Bb6
15. Qb3+ Kh8 16. Nxb6 axb6 17. Re1 b5 18. Bg5 h6 19. Bd2 Nd5 20. Qc2 Be6 21. g3
Nb6 22. Bh5 Ne7 23. Bf3 Bd5 24. Bxd5 Qxd5 25. Bc1 Qe6 26. Qe2 Rae8 27. Qh5 Qg6
28. Qf3 Ned5 29. Kf1 Qg4 30. Qd3 f4 31. gxf4 Nxf4 32. Bxf4 Rxf4 33. Qg3 Qf5 34.
Rad1 Rf3 35. Qg2 Nd5 36. c4 bxc4 37. Kg1 Re6 38. Rc1 Rg6 39. Qg3 Rgxg3+ 40.
fxg3 Rf2 41. Rf1 Rxf1+ 42. Rxf1 Qd3 43. Rf8+ Kh7 44. a3 c3 45. Rf2 Ne3 46. h3
c2 47. Kh2 c1=Q 48. e6 Qe4 49. g4 Qch1+ 50. Kg3 Qg1+ 51. Kh4 Qxf2+ 52. Kh5 g6#
0-1

[Event "?"]
[Site "ICS rated blitz match, 164.58"]
[Date "1997.??.??"]
[Round "?"]
[White "Brause"]
[Black "oldtimer"]
[Result "1-0"]
[WhiteElo "2250"]
[BlackElo "2185"]
[PlyCount "105"]

1. e4 e5 2. Nf3 Nc6 3. Nc3 Nf6 4. Nxe5 Nxe5 5. d4 Ng6 6. e5 Ng8 7. Bc4 d5 8.
Bxd5 c6 9. Be4 f5 10. exf6 Nxf6 11. Bg5 Bb4 12. Qd3 Bxc3+ 13. bxc3 Kf7 14. O-O
Qd6 15. Bf3 h6 16. Be3 Nh4 17. Be2 Bf5 18. Qd2 Ng6 19. Bc4+ Be6 20. Bd3 Qd7 21.
Rfe1 Rae8 22. Re2 Bf5 23. Bc4+ Nd5 24. Rae1 Kf6 25. h3 b5 26. Bd3 Bxd3 27. cxd3
Re7 28. c4 Nxe3 29. fxe3 Kf7 30. Rf2+ Kg8 31. cxb5 cxb5 32. Ref1 Kh7 33. Rf3
Rc8 34. a3 Qc7 35. Rb1 a6 36. Rd1 Qc3 37. d5 Ne5 38. Rf2 Nd7 39. e4 Qd4 40. Kf1
Ne5 41. Qb4 Qxb4 42. axb4 Rc3 43. Ke2 Rc2+ 44. Ke3 Rxf2 45. Kxf2 Rc7 46. Ke3
Kg6 47. Ra1 Ra7 48. Kd4 Nd7 49. e5 Nb6 50. e6 Na4 51. d6 Kf6 52. Re1 Nb6 53. e7
1-0

[Event "?"]
[Site "ICS rated blitz match, 164.58"]
[Date "1997.??.??"]
[Round "?"]
[White "Brause"]
[Black "oldtimer"]
[Result "0-1"]
[WhiteElo "2245"]
[BlackElo "2175"]
[PlyCount "104"]

1. e4 e5 2. Nf3 Nc6 3. Nc3 Nf6 4. Nxe5 Nxe5 5. d4 Ng6 6. e5 Ng8 7. Bc4 d5 8.
Bxd5 c6 9. Be4 f5 10. exf6 Nxf6 11. Bg5 Bb4 12. Qd3 Bxc3+ 13. bxc3 Kf7 14. O-O
Qd6 15. Bf3 h6 16. Be3 Re8 17. c4 Nh4 18. Be2 Kg8 19. Rfe1 Bf5 20. Qd2 Ne4 21.
Qa5 b6 22. Qa6 Nc3 23. c5 Nxe2+ 24. Qxe2 Qg6 25. g3 Bg4 26. Qc4+ Be6 27. Qe2
Bd5 28. Kf1 Qe6 29. Qh5 Qh3+ 30. Ke2 Bf3+ 31. Qxf3 Nxf3 32. Kxf3 bxc5 33. dxc5
Rf8+ 34. Ke2 Rad8 35. Rh1 Qg2 36. Rhd1 Qf3+ 37. Ke1 Rde8 38. Kd2 Rxe3 39. fxe3
Rd8+ 40. Kc3 Rxd1 41. Rxd1 Qxd1 42. a4 Kf7 43. e4 a5 44. Kb3 Ke6 45. Kc3 Ke5
46. Kb3 Kd4 47. Kb2 Kc4 48. e5 Qd4+ 49. Ka2 Kc3 50. Kb1 Qxa4 51. h4 Qa3 52. e6
Qb2# 0-1

[Event "?"]
[Site "ICS rated blitz match, 164.58"]
[Date "1997.??.??"]
[Round "?"]
[White "Brause"]
[Black "oldtimer"]
[Result "1-0"]
[WhiteElo "2245"]
[BlackElo "2185"]
[PlyCount "170"]

1. e4 e5 2. Nf3 Nc6 3. Nc3 Nf6 4. Nxe5 Nxe5 5. d4 Ng6 6. e5 Ng8 7. Bc4 d5 8.
Bxd5 c6 9. Be4 f5 10. Bf3 Bb4 11. O-O N8e7 12. Ne2 O-O 13. c3 Ba5 14. b4 Bc7
15. Qb3+ Kh8 16. Rd1 Qe8 17. g3 Qf7 18. Qxf7 Rxf7 19. Bg5 Be6 20. b5 Rc8 21.
bxc6 bxc6 22. Bh5 Bc4 23. Nf4 Rff8 24. Bf3 Nxf4 25. Bxe7 Rf7 26. Bb4 Bd5 27.
Bxd5 Nxd5 28. Rac1 Re8 29. Ba3 Ba5 30. Rd3 Rb7 31. c4 Nc7 32. f4 Ne6 33. d5
cxd5 34. cxd5 Bb6+ 35. Kh1 Nd4 36. Bb2 Rd7 37. Bxd4 Rxd5 38. Rc4 Kg8 39. Rd2
Red8 40. Bxb6 axb6 41. Rxd5 Rxd5 42. Rc8+ Kf7 43. Rc7+ Kf8 44. Rc6 Rd2 45. a4
Rd4 46. Rxb6 Rxa4 47. Rb8+ Kf7 48. Rb7+ Kf8 49. Rd7 Ra2 50. h3 Re2 51. Kg1 h5
52. Kf1 Re4 53. Kf2 h4 54. Kf3 hxg3 55. Kxg3 Kg8 56. Kf3 Kf8 57. Rc7 Kg8 58.
Rb7 Kf8 59. Kg3 Kg8 60. h4 Re3+ 61. Kf2 Re4 62. Kf3 Re1 63. h5 Kf8 64. Kg2 Re3
65. Rd7 Kg8 66. Kf2 Re4 67. Kg3 Kf8 68. Rd1 Kf7 69. Kf3 Ra4 70. Rd7+ Kf8 71.
Rc7 Rb4 72. Rc3 Ra4 73. Rc8+ Kf7 74. Rc7+ Kf8 75. Rc2 Ra3+ 76. Kg2 Kf7 77. Rc7+
Kf8 78. Rd7 Rb3 79. Rd6 Rb2+ 80. Kg3 Rb1 81. Rg6 Rb7 82. Kh4 Rf7 83. Kg5 Ke7
84. Ra6 Rf8 85. Ra7+ Ke6 1-0

[Event "?"]
[Site "ICS rated blitz match, 164.58"]
[Date "1997.??.??"]
[Round "?"]
[White "Brause"]
[Black "oldtimer"]
[Result "1/2-1/2"]
[WhiteElo "2245"]
[BlackElo "2180"]
[PlyCount "169"]

1. e4 e5 2. Nf3 Nc6 3. Nc3 Nf6 4. Nxe5 Nxe5 5. d4 Ng6 6. e5 Ng8 7. Bc4 d5 8.
Bxd5 c6 9. Be4 f5 10. Bf3 Bb4 11. O-O N8e7 12. Na4 O-O 13. c3 Ba5 14. b4 Bb6
15. Qb3+ Kh8 16. Nxb6 axb6 17. Re1 b5 18. Bg5 h6 19. Bd2 Nd5 20. Qc2 Be6 21. g3
Nb6 22. Bh5 Ne7 23. Bf3 Bd5 24. Bxd5 Qxd5 25. Re2 Qe6 26. Be3 Ned5 27. Bd2 Ra3
28. Qc1 Nc4 29. f3 Rfa8 30. Be1 Nc7 31. Qc2 Nd5 32. Qc1 g5 33. Rc2 f4 34. Rf2
Rf8 35. Qc2 Qf5 36. Qxf5 Rxf5 37. Rc1 Kg7 38. Kh1 Kf7 39. g4 Ke6 40. gxf5+ Kxf5
41. Kg1 h5 42. h3 Nc7 43. Rfc2 Ne3 44. Rb2 Ned5 45. Bd2 Nb6 46. Rbc2 Nc4 47.
Kf2 Nd5 48. Be1 Ndb6 49. Ra1 Nd5 50. Rcc1 Ke6 51. Ke2 Kf5 52. Bd2 Ke6 53. Rc2
Kf5 54. Ke1 Ke6 55. Rcc1 Kf5 56. Kd1 Nb2+ 57. Ke2 Nc4 58. Rc2 Ke6 59. Be1 Kf5
60. Rcc1 Ke6 61. Kf1 Kf5 62. Kg1 Ke6 63. Kh2 Kf5 64. h4 g4 65. fxg4+ hxg4 66.
Kh1 g3 67. h5 Kg4 68. h6 Ra8 69. Kg1 Rh8 70. a4 Rxh6 71. axb5 cxb5 72. Ra8 Kf3
73. Rc2 Nde3 74. Rca2 g2 75. Rf2+ Ke4 76. Rxg2 Nxg2 77. Kxg2 Ne3+ 78. Kg1 Rg6+
79. Kh1 Kf3 80. Ra2 Rh6+ 81. Kg1 Rg6+ 82. Kh2 Rh6+ 83. Kg1 Rg6+ 84. Kh1 Rh6+
85. Kg1 1/2-1/2

[Event "?"]
[Site "ICS rated blitz match, 164.58"]
[Date "1997.??.??"]
[Round "?"]
[White "Brause"]
[Black "oldtimer"]
[Result "0-1"]
[WhiteElo "2245"]
[BlackElo "2180"]
[PlyCount "198"]

1. e4 e5 2. Nf3 Nc6 3. Nc3 Nf6 4. Nxe5 Nxe5 5. d4 Ng6 6. e5 Ng8 7. Bc4 d5 8.
Bxd5 c6 9. Be4 f5 10. Bf3 Bb4 11. O-O N8e7 12. Na4 O-O 13. c3 Ba5 14. b4 Bb6
15. Qb3+ Kh8 16. Nxb6 axb6 17. Re1 b5 18. Bg5 h6 19. Bd2 Nd5 20. Qc2 Be6 21. g3
Nb6 22. Bh5 Ne7 23. Bf3 Bd5 24. Bxd5 Qxd5 25. Bc1 Qe6 26. Qe2 Nc4 27. h4 Ra4
28. Qf3 Nd5 29. Re2 Qg6 30. Qd3 Qe6 31. Qf3 Kh7 32. Rb1 Rfa8 33. Ra1 Ne7 34.
Qh5 Qg6 35. Qf3 Qg4 36. Qd3 Nd5 37. Kf1 Re8 38. Re1 Re6 39. Kg2 Qg6 40. Qf3 Ra8
41. Kg1 Qg4 42. Qd3 Ncb6 43. Kg2 Rg6 44. Kf1 Kg8 45. Kg1 Rf8 46. Bd2 Qxh4 47.
Re2 Qg4 48. e6 Re8 49. Rae1 Nc4 50. Bc1 Nd6 51. Re5 Rf6 52. Bd2 f4 53. a4 fxg3
54. Qxg3 Qxg3+ 55. fxg3 bxa4 56. Rh5 b5 57. e7 Kf7 58. Rd1 Rxe7 59. g4 Rg6 60.
Kg2 Rxg4+ 61. Kh3 Rg6 62. Re5 Nc4 63. Rf5+ Rf6 64. Rxf6+ Kxf6 65. Rf1+ Kg6 66.
Rg1+ Kh7 67. Be1 Re3+ 68. Kh2 Nf4 69. Rf1 g5 70. Bg3 a3 71. Bxf4 gxf4 72. Rxf4
Rxc3 73. Rf8 Nb6 74. Rf7+ Kg6 75. Rf8 a2 76. Rf1 Ra3 77. Rg1+ Kh7 78. Ra1 Nd5
79. Kg1 Nxb4 80. Kf2 Nc2 81. Rc1 Nxd4 82. Rd1 c5 83. Ke1 a1=Q 84. Rxa1 Rxa1+
85. Kd2 Ra3 86. Ke1 Ra2 87. Kf1 Rc2 88. Ke1 b4 89. Kd1 b3 90. Ke1 b2 91. Kd1 h5
92. Ke1 h4 93. Kf1 h3 94. Ke1 Kg6 95. Kf1 Kg5 96. Ke1 Kg4 97. Kf1 Kg3 98. Ke1
Nf3+ 99. Kf1 Rf2# 0-1

[Event "?"]
[Site "ICS rated blitz match, 164.58"]
[Date "1997.??.??"]
[Round "?"]
[White "Brause"]
[Black "FSDO"]
[Result "1-0"]
[WhiteElo "2235"]
[BlackElo "1985"]
[PlyCount "113"]

1. e4 Nf6 2. Nc3 e5 3. Nf3 Nc6 4. Nxe5 Nxe5 5. d4 Ng6 6. e5 Ng8 7. Bc4 d5 8.
Bxd5 c6 9. Be4 Bb4 10. O-O N8e7 11. Ne2 Bf5 12. Ng3 Bxe4 13. Nxe4 O-O 14. c3
Ba5 15. Nd6 Rb8 16. f4 f5 17. Qb3+ Kh8 18. Nf7+ Rxf7 19. Qxf7 Qd5 20. Qxd5 cxd5
21. Be3 b5 22. a4 b4 23. cxb4 Bxb4 24. Rac1 a5 25. g3 Kg8 26. Rc7 Kf7 27. Rfc1
Nf8 28. h3 Ne6 29. R7c2 h6 30. Kf2 g5 31. Kf1 gxf4 32. Bxf4 Nxf4 33. gxf4 Ng6
34. Rc7+ Be7 35. R1c6 Nxf4 36. Rxh6 Kg7 37. Ra6 Kf7 38. Raa7 Ng6 39. h4 Rh8 40.
Rxa5 Rxh4 41. Rxd5 f4 42. Rd6 f3 43. Kf2 Nf4 44. Rdd7 Ng6 45. Kxf3 Ke6 46. a5
Rh2 47. b3 Ra2 48. Ke4 Rxa5 49. d5+ Kf7 50. Rxe7+ Nxe7 51. d6 Rb5 52. Rxe7+ Kf8
53. e6 Rxb3 54. Rf7+ Kg8 55. d7 Rb4+ 56. Kd5 Rb8 57. e7 1-0

[Event "?"]
[Site "ICS rated blitz match, 164.58"]
[Date "1997.??.??"]
[Round "?"]
[White "Brause"]
[Black "oldtimer"]
[Result "0-1"]
[WhiteElo "2260"]
[BlackElo "2190"]
[PlyCount "188"]

1. e4 e5 2. Nf3 Nc6 3. Nc3 Nf6 4. Nxe5 Nxe5 5. d4 Ng6 6. e5 Ng8 7. Bc4 d5 8.
Bxd5 c6 9. Be4 f5 10. Bf3 Bb4 11. O-O N8e7 12. Na4 O-O 13. c3 Ba5 14. b4 Bb6
15. Qb3+ Kh8 16. Nxb6 axb6 17. Re1 b5 18. Bg5 h6 19. Bd2 Nd5 20. a4 bxa4 21.
Rxa4 Rxa4 22. Qxa4 b5 23. Qc2 Be6 24. Ra1 Qb6 25. Qc1 Kh7 26. Qc2 Qb7 27. g3
Ra8 28. Re1 Nde7 29. Be3 Ra2 30. Qb1 Qa8 31. Bc1 Ra1 32. Qd3 Qa2 33. Bd2 Rxe1+
34. Bxe1 Bc4 35. Qd1 Qb3 36. Qc1 Bd5 37. Bh5 Be4 38. f3 Bd3 39. Bd2 Qb1 40.
Qxb1 Bxb1 41. Kf2 Ba2 42. Be3 Be6 43. h3 Bd7 44. f4 Be6 45. Bd2 Bd5 46. Be2 Bc4
47. Bxc4 bxc4 48. g4 Nf8 49. gxf5 Nxf5 50. Kf3 Ne7 51. Be1 Ne6 52. Ke4 Nc7 53.
f5 Ned5 54. e6 Kg8 55. Bd2 Kf8 56. Ke5 Nb5 57. Be1 Ke7 58. Bh4+ Ke8 59. Be1 Nf6
60. Bd2 Ke7 61. Be1 Nc7 62. Bg3 Ncd5 63. Be1 Nb6 64. Bh4 Na4 65. d5 cxd5 66.
Bxf6+ gxf6+ 67. Kxd5 Nxc3+ 68. Kxc4 Ne4 69. Kd4 Nd6 70. Kd5 Nxf5 71. b5 Nd6 72.
b6 Nb7 73. h4 h5 74. Kc6 Nd8+ 75. Kd5 Nxe6 76. b7 Nc7+ 77. Ke4 Na6 78. Kf5 Kf7
79. Kf4 Ke6 80. Kg3 Ke5 81. Kf3 f5 82. Ke3 f4+ 83. Kf3 Kf5 84. Ke2 Ke4 85. Kf2
f3 86. Kf1 Ke3 87. Ke1 f2+ 88. Kf1 Nb8 89. Kg2 Ke2 90. Kg3 f1=Q 91. Kh2 Qf3 92.
Kg1 Qg4+ 93. Kh1 Kf2 94. Kh2 Qxh4# 0-1

[Event "?"]
[Site "ICS rated blitz match, 164.58"]
[Date "1997.??.??"]
[Round "?"]
[White "Brause"]
[Black "oldtimer"]
[Result "0-1"]
[WhiteElo "2255"]
[BlackElo "2195"]
[PlyCount "176"]

1. e4 e5 2. Nf3 Nc6 3. Nc3 Nf6 4. Nxe5 Nxe5 5. d4 Ng6 6. e5 Ng8 7. Bc4 d5 8.
Bxd5 c6 9. Be4 f5 10. Bf3 Bb4 11. O-O N8e7 12. Na4 O-O 13. c3 Ba5 14. b4 Bb6
15. Qb3+ Kh8 16. Nxb6 axb6 17. Re1 b5 18. Bg5 h6 19. Bd2 Nd5 20. a4 bxa4 21.
Rxa4 Rxa4 22. Qxa4 b5 23. Qd1 Be6 24. Qc2 Nde7 25. g3 Qa8 26. Bh5 Qa3 27. Be3
Bb3 28. Qb1 Qa2 29. Qc1 Kh7 30. Re2 Qa6 31. Rb2 Bd5 32. Rb1 Ra8 33. Qf1 Qa2 34.
Qe1 Be4 35. Rd1 Qd5 36. Qe2 Ra2 37. Rd2 Rxd2 38. Bxd2 Qa2 39. f3 Qb1+ 40. Be1
Bd3 41. Qd2 Nd5 42. Kf2 Qc2 43. Qxc2 Bxc2 44. Bd2 Bb3 45. h3 Nde7 46. Be3 Be6
47. f4 Bd5 48. Be2 Nf8 49. Bd2 g6 50. Bd3 Kg7 51. g4 Kf7 52. Be3 Ne6 53. Bd2
Ng7 54. Be2 Ke6 55. Kf1 Bc4 56. Bxc4+ bxc4 57. Kf2 Kd5 58. Kf3 Ne6 59. Ke3 Nc7
60. gxf5 Nxf5+ 61. Kf3 h5 62. Be1 Nb5 63. Bd2 Ke6 64. Ke2 Ne7 65. Kd1 Nd5 66.
Kc2 Kf5 67. h4 Nbc7 68. Kd1 Ne6 69. Ke2 Kg4 70. f5 gxf5 71. Be1 f4 72. Kd2 Kf3
73. Kd1 Kg2 74. Kc2 f3 75. Kd2 Nef4 76. e6 Nxe6 77. Kc2 Nef4 78. Bd2 Nd3 79. b5
cxb5 80. Kb1 f2 81. Kc2 f1=Q 82. Bg5 Qa1 83. Bd2 Kf3 84. Bg5 Ke2 85. Bf4 Nxc3
86. d5 b4 87. d6 Qa5 88. d7 b3# 0-1

[Event "?"]
[Site "ICS rated blitz match, 164.58"]
[Date "1997.??.??"]
[Round "?"]
[White "Brause"]
[Black "Kyrin"]
[Result "1-0"]
[WhiteElo "2250"]
[BlackElo "1740"]
[PlyCount "37"]

1. e4 e5 2. Nf3 Nf6 3. Nc3 Nc6 4. Nxe5 Nxe5 5. d4 Nc6 6. d5 Ne7 7. e5 Nfg8 8.
d6 Nc6 9. Nb5 cxd6 10. exd6 Qa5+ 11. Bd2 Qa4 12. Nc7+ Kd8 13. Nxa8 Bxd6 14. c4
Nf6 15. Qxa4 Re8+ 16. Be2 Nd4 17. Be3 b5 18. Qa5+ Ke7 19. Bxd4 1-0

[Event "?"]
[Site "ICS rated blitz match, 164.58"]
[Date "1997.??.??"]
[Round "?"]
[White "Brause"]
[Black "jos"]
[Result "1-0"]
[WhiteElo "2230"]
[BlackElo "2290"]
[PlyCount "133"]

1. e4 e5 2. Nf3 Nc6 3. Nc3 Nf6 4. Nxe5 Nxe5 5. d4 Nc6 6. d5 Ne5 7. f4 Ng6 8. e5
Ng8 9. d6 cxd6 10. exd6 Qh4+ 11. g3 Qf6 12. Nb5 Qe6+ 13. Kf2 Bxd6 14. Nxd6+ Kf8
15. Bc4 Qf6 16. Nxf7 N8e7 17. Nxh8 Nxh8 18. Qd3 Nhg6 19. Re1 d6 20. Qe4 Ne5 21.
Bf1 N5g6 22. Kg1 d5 23. Qb4 b6 24. Bg2 a5 25. Qb3 Ra7 26. c3 Qd6 27. Be3 Rb7
28. Rad1 Be6 29. c4 Nf5 30. Bxd5 a4 31. Qxa4 b5 32. Qb3 Re7 33. Bxe6 Qxe6 34.
Bc5 Qxc4 35. Bxe7+ Ngxe7 36. Rd8+ Kf7 37. Qxc4+ bxc4 38. Re4 Nc6 39. Rd7+ Kf6
40. Rxc4 Ke6 41. Rc7 Nce7 42. b4 Nd5 43. R7c6+ Kd7 44. a3 Nd6 45. Rc1 Ne4 46.
b5 Nd6 47. R6c5 Nb6 48. Rc7+ Ke6 49. Rxg7 Nbc4 50. a4 h5 51. Rh7 Nd2 52. Rh6+
Kd7 53. Rxd6+ Kxd6 54. Rd1 Kc5 55. Rxd2 Kb4 56. b6 Kc3 57. b7 Kxd2 58. b8=Q Kc3
59. a5 Kc4 60. a6 h4 61. gxh4 Kd5 62. Qe5+ Kc6 63. a7 Kb6 64. Qb8+ Kc5 65. a8=Q
Kc4 66. Qe4+ Kc5 67. Qbb4# 1-0

[Event "?"]
[Site "ICS rated blitz match, 164.58"]
[Date "1997.??.??"]
[Round "?"]
[White "Brause"]
[Black "LightViolet"]
[Result "0-1"]
[WhiteElo "2235"]
[BlackElo "2565"]
[PlyCount "202"]

1. e4 e5 2. Nf3 Nc6 3. Nc3 Nf6 4. Nxe5 Nxe5 5. d4 Nc6 6. d5 Nb4 7. a3 Na6 8. e5
Ng8 9. Qf3 Nb8 10. Bd3 Qe7 11. Bf4 d6 12. O-O dxe5 13. Bxe5 Qxe5 14. Rfe1 f6
15. Rxe5+ fxe5 16. Qh5+ Kd8 17. Qxe5 Nf6 18. Nb5 Ne8 19. Re1 Bd7 20. Nd4 h6 21.
Ne6+ Kc8 22. Bg6 Bd6 23. Qd4 Bxe6 24. Bxe8 Rxe8 25. Rxe6 Rg8 26. Qe4 Rd8 27.
Qg4 Bf8 28. Rxh6+ Nd7 29. Re6 b6 30. Qa4 Kb8 31. Qc6 Bd6 32. h3 a6 33. Kf1 a5
34. c4 Ne5 35. Qa4 Nd3 36. Re8 Rxe8 37. Qxe8+ Kb7 38. Qe2 Nc5 39. Qe3 Nd7 40.
Qg5 Rg8 41. Qg6 Kc8 42. g4 Be5 43. b4 axb4 44. axb4 Rf8 45. Ke2 Kd8 46. Qd3 Rf4
47. Qh7 b5 48. cxb5 Rxb4 49. Qg8+ Ke7 50. Qe6+ Kd8 51. Qc6 Rb2+ 52. Kf3 Bd4 53.
Ke4 Bxf2 54. Kf5 Bc5 55. Qa8+ Ke7 56. Kg6 Rxb5 57. Qa4 Rb4 58. Qd1 Kd6 59. Kxg7
Re4 60. g5 Bd4+ 61. Kg6 Kxd5 62. Qb3+ Kd6 63. h4 Ne5+ 64. Kh5 Rf4 65. Qg3 Rf8
66. Qa3+ Bc5 67. Qa6+ c6 68. g6 Rh8+ 69. Kg5 Be3+ 70. Kf5 Rf8+ 71. Ke4 Bc1 72.
Kd4 Nxg6 73. Qe2 Rf5 74. Qe1 Bb2+ 75. Kd3 Nf4+ 76. Kc4 Rc5+ 77. Kb3 Rc3+ 78.
Kxb2 Nd3+ 79. Kxc3 Nxe1 80. h5 Nf3 81. h6 Ng5 82. Kd4 c5+ 83. Kc4 Nh7 84. Kc3
Kd5 85. Kd3 c4+ 86. Ke3 Kc5 87. Ke4 Kb4 88. Kd4 Nf6 89. Ke3 Ng4+ 90. Ke2 Nxh6
91. Kd2 c3+ 92. Kc2 Kc4 93. Kd1 Nf5 94. Ke2 c2 95. Kd2 Nd4 96. Kc1 Kd3 97. Kb2
Kd2 98. Ka3 c1=Q+ 99. Kb4 Qc3+ 100. Ka4 Qc4+ 101. Ka5 Qb5# 0-1

[Event "?"]
[Site "ICS rated blitz match, 164.58"]
[Date "1997.??.??"]
[Round "?"]
[White "Brause"]
[Black "ThingTwo"]
[Result "1-0"]
[WhiteElo "2235"]
[BlackElo "2210"]
[PlyCount "47"]

1. e4 e5 2. Nf3 Nf6 3. Nc3 Nc6 4. Nxe5 Nxe5 5. d4 Ng6 6. e5 Ng8 7. Bc4 f6 8.
Qh5 N8e7 9. exf6 gxf6 10. O-O Bg7 11. Re1 c6 12. d5 d6 13. Bf4 b5 14. Bb3 Qc7
15. dxc6 Kf8 16. Nxb5 Qxc6 17. Bxd6 Qb7 18. Bxe7+ Ke8 19. Bxf6+ Be6 20. Rxe6+
Kf8 21. Qc5+ Qe7 22. Bxe7+ Ke8 23. Bg5+ Ne7 24. Qxe7# 1-0

[Event "?"]
[Site "ICS rated blitz match, 164.58"]
[Date "1997.??.??"]
[Round "?"]
[White "Brause"]
[Black "oldtimer"]
[Result "0-1"]
[WhiteElo "2255"]
[BlackElo "2180"]
[PlyCount "226"]

1. e4 e5 2. Nf3 Nc6 3. Nc3 Nf6 4. Nxe5 Nxe5 5. d4 Ng6 6. e5 Ng8 7. Bc4 d5 8.
Bxd5 c6 9. Be4 f5 10. Bf3 Bb4 11. O-O N8e7 12. Na4 O-O 13. c3 Ba5 14. b4 Bb6
15. Qb3+ Kh8 16. Nxb6 axb6 17. Re1 b5 18. Bg5 h6 19. Bd2 Nd5 20. a4 bxa4 21.
Rxa4 Rxa4 22. Qxa4 b5 23. Qd1 Be6 24. Qc2 Qd7 25. g3 Ra8 26. Bg2 Nb6 27. Bc1
Ra2 28. Qd3 Ne7 29. Qb1 Qa7 30. Bf3 Ra1 31. Qd3 Bc4 32. Qd1 Qa4 33. g4 Qxd1 34.
Rxd1 Bd5 35. Be2 Na4 36. Bd2 Rxd1+ 37. Bxd1 Nb2 38. Be2 Nc4 39. Bc1 Kh7 40. g5
hxg5 41. Bxg5 Nc8 42. Kf1 N8b6 43. Ke1 Na4 44. Bxc4 Bxc4 45. Kd2 Kg6 46. Be7
Kh5 47. h3 Kg6 48. h4 Kf7 49. Bg5 g6 50. Bd8 Ke6 51. Bg5 Kd5 52. Bf4 Ke4 53.
Bg3 f4 54. Bh2 Kf3 55. Kc2 Nb6 56. Kd2 Na8 57. e6 Bxe6 58. d5 Bxd5 59. Kd3 Nb6
60. Kd4 Nd7 61. Kd3 Bb3 62. Kd4 Bc4 63. Bg1 Kg2 64. f3 Bd5 65. Be3 Kxf3 66. Bd2
Kg3 67. Be1+ Kg2 68. c4 Bf3 69. Bd2 Kg3 70. Be1+ Kg4 71. cxb5 cxb5 72. Kd3 Bd5
73. Kd4 Bc6 74. Bd2 Kg3 75. Be1+ Kg2 76. Kd3 Kf1 77. Bd2 f3 78. Kd4 Ke2 79. Be3
f2 80. Bxf2 Kxf2 81. Kd3 Kf3 82. Kd4 Ke2 83. Kc3 Ke3 84. Kc2 Ne5 85. Kb2 Kd2
86. Kb1 Nf3 87. Kb2 Nxh4 88. Kb3 Bd5+ 89. Kb2 Nf3 90. Ka1 Kc3 91. Kb1 Bb3 92.
Kc1 Nd4 93. Kb1 Ne6 94. Kc1 Nd4 95. Kb1 Ne2 96. Ka1 Ba4 97. Ka2 Kc2 98. Ka3 Nf4
99. Ka2 Nd3 100. Ka3 g5 101. Ka2 Nxb4+ 102. Ka3 Nd3 103. Ka2 b4 104. Ka1 Bb5
105. Ka2 Kc3 106. Kb1 b3 107. Ka1 Kb4 108. Kb1 Ka3 109. Ka1 Nc1 110. Kb1 Ne2
111. Ka1 Bc4 112. Kb1 Bd3+ 113. Ka1 b2# 0-1